<?xml version="1.0" encoding="UTF-8"?>
<record
    xmlns:xsi="http://www.w3.org/2001/XMLSchema-instance"
    xsi:schemaLocation="http://www.loc.gov/MARC21/slim http://www.loc.gov/standards/marcxml/schema/MARC21slim.xsd"
    xmlns="http://www.loc.gov/MARC21/slim">

  <leader>03355nam a22003257a 4500</leader>
  <controlfield tag="003">DO-SdBPM</controlfield>
  <controlfield tag="005">20260513133208.0</controlfield>
  <controlfield tag="007">ta</controlfield>
  <controlfield tag="008">161031b2006 xx a  1   00| 0 spa d</controlfield>
  <datafield tag="020" ind1=" " ind2=" ">
    <subfield code="a">0765277506</subfield>
  </datafield>
  <datafield tag="040" ind1=" " ind2=" ">
    <subfield code="a">DO-SdBPM</subfield>
    <subfield code="b">spa</subfield>
    <subfield code="c">BPMSU</subfield>
    <subfield code="e">rda</subfield>
  </datafield>
  <datafield tag="082" ind1="0" ind2="4">
    <subfield code="a">R920.72</subfield>
    <subfield code="b">H869c</subfield>
    <subfield code="2">22</subfield>
  </datafield>
  <datafield tag="100" ind1="1" ind2=" ">
    <subfield code="a">Hoyt-Goldsmith, Diane</subfield>
    <subfield code="e">autora</subfield>
    <subfield code="4">aut. </subfield>
  </datafield>
  <datafield tag="245" ind1="1" ind2="0">
    <subfield code="a">40 mujeres famosas /</subfield>
    <subfield code="c">Diane Hoyt-Goldsmith </subfield>
  </datafield>
  <datafield tag="246" ind1="1" ind2="3">
    <subfield code="a">Cuarenta mujeres famosas</subfield>
  </datafield>
  <datafield tag="264" ind1=" " ind2=" ">
    <subfield code="a">Estados Unidos : </subfield>
    <subfield code="b">Celebration Press ;</subfield>
    <subfield code="b">Pearson Learning Group , </subfield>
    <subfield code="c">2006.</subfield>
  </datafield>
  <datafield tag="300" ind1=" " ind2=" ">
    <subfield code="a">32 p&#xE1;gians  : </subfield>
    <subfield code="b">ilustraci&#xF3;n ; </subfield>
    <subfield code="c">29 cm. </subfield>
  </datafield>
  <datafield tag="336" ind1=" " ind2=" ">
    <subfield code="a">texto</subfield>
    <subfield code="b">txt</subfield>
    <subfield code="2">rdacontent</subfield>
  </datafield>
  <datafield tag="337" ind1=" " ind2=" ">
    <subfield code="a">sin mediaci&#xF3;n </subfield>
    <subfield code="b">n</subfield>
    <subfield code="2">rdamedia </subfield>
  </datafield>
  <datafield tag="338" ind1=" " ind2=" ">
    <subfield code="a">volumen </subfield>
    <subfield code="b">nc</subfield>
    <subfield code="2">rdacarrier </subfield>
  </datafield>
  <datafield tag="490" ind1="0" ind2=" ">
    <subfield code="a">iOpeners</subfield>
  </datafield>
  <datafield tag="500" ind1=" " ind2=" ">
    <subfield code="a">Incluye &#xED;ndice</subfield>
  </datafield>
  <datafield tag="505" ind1="0" ind2=" ">
    <subfield code="a">Isabel Allende (Escritora chilena) -- Coraz&#xF3;n Aquino (Pol&#xED;tica y presidenta de Filipinas) -- Margaret Bourke-White (Fot&#xF3;grafa documental y corresponsal) -- Ada Byron (Lady Lovelace) (Matem&#xE1;tica y pionera de la computaci&#xF3;n) -- Mar&#xED;a Cristina Caballero (Periodista colombiana, defensora de derechos humanos) -- Helen Caldicott (M&#xE9;dica y activista antinuclear australiana) -- Emily Carr (Pintora y escritora canadiense). --Caroline Chisholm (Humanitaria dedicada al bienestar de inmigrantes) --  Bessie Coleman (Primera mujer afroamericana e ind&#xED;gena en ser piloto) -- Marie Curie (Cient&#xED;fica pionera en el campo de la radiactividad) -- Catriona Le May Doan (Patinadora de velocidad y campeona ol&#xED;mpica) -- Cathy Freeman (Atleta australiana, s&#xED;mbolo de la reconciliaci&#xF3;n aborigen) --  Birut&#xE9; Galdikas (Primat&#xF3;loga experta en orangutanes). -- Indira Gandhi (Primera ministra de la India) --  Tanni Grey-Thompson (Atleta paral&#xED;mpica y pol&#xED;tica brit&#xE1;nica) -- Sachiko Hashimoto (Educadora y l&#xED;der de las Gu&#xED;as Scouts en Jap&#xF3;n) -- Frida Kahlo (Pintora mexicana ic&#xF3;nica) -- Helen Keller (Escritora y activista sordociega) --  Aung San Suu Kyi (Pol&#xED;tica y Nobel de la Paz de Birmania). Maya Lin (Arquitecta y escultora, dise&#xF1;adora del Monumento a los Veteranos) --  Wangari Maathai (Activista ambiental keniana y Nobel de la Paz) -- Mireya Moscoso (Primera mujer presidenta de Panam&#xE1;) -- Florence Nightingale (Precursora de la enfermer&#xED;a moderna) -- Antonia Novello (M&#xE9;dica, primera mujer Cirujana General de EE. UU.) -- Ellen Ochoa (Astronoma y primera mujer hispana en el espacio) -- Patricia O'Shane (Primera abogada y magistrada aborigen australiana) --Rosa Parks (Activista clave del movimiento por los derechos civiles) -- Mary Pratt (Pintora realista canadiense) --Mary Robinson (Primera mujer presidenta de Irlanda) -- Mary Seacole (Enfermera jamaicana de la Guerra de Crimea) -- Laura Secord (Hero&#xED;na canadiense de la guerra de 1812) -- Huda Sha'arawi (L&#xED;der feminista egipcia)-- Kate Sheppard (Sufragista clave en Nueva Zelanda) -- Utako Shimoda (Educadora y activista por los derechos de la mujer en Jap&#xF3;n) -- Kiri Te Kanawa (Soprano neozelandesa) -- Valentina Tereshkova (Cosmonauta, primera mujer en el espacio) --Margaret Thatcher (Primera ministra del Reino Unido) --Harriet Tubman (Luchadora por la libertad y contra la esclavitud).

</subfield>
  </datafield>
  <datafield tag="590" ind1=" " ind2=" ">
    <subfield code="a">Inventariado, 2026/VM</subfield>
  </datafield>
  <datafield tag="650" ind1=" " ind2="7">
    <subfield code="a">Mujeres </subfield>
    <subfield code="v">Biograf&#xED;as</subfield>
  </datafield>
  <datafield tag="650" ind1=" " ind2="7">
    <subfield code="a">Mujeres en la historia.</subfield>
  </datafield>
  <datafield tag="830" ind1=" " ind2="0">
    <subfield code="a">  </subfield>
  </datafield>
  <datafield tag="910" ind1=" " ind2=" ">
    <subfield code="a">VMateo V. Control de calidad. BPMSU </subfield>
  </datafield>
  <datafield tag="942" ind1=" " ind2=" ">
    <subfield code="2">ddc</subfield>
    <subfield code="c">BK</subfield>
  </datafield>
  <datafield tag="952" ind1=" " ind2=" ">
    <subfield code="0">0</subfield>
    <subfield code="1">0</subfield>
    <subfield code="2">ddc</subfield>
    <subfield code="7">0</subfield>
    <subfield code="8">CI-G</subfield>
    <subfield code="a">BPMET</subfield>
    <subfield code="b">BPMET</subfield>
    <subfield code="d">2017-10-13</subfield>
    <subfield code="l">0</subfield>
    <subfield code="o">BPMSU CJGR R920.72 H869c 2006</subfield>
    <subfield code="p">BPMSU17100012</subfield>
    <subfield code="r">2017-10-13</subfield>
    <subfield code="w">2017-10-13</subfield>
    <subfield code="y">BK</subfield>
  </datafield>
  <datafield tag="999" ind1=" " ind2=" ">
    <subfield code="c">12603</subfield>
    <subfield code="d">12603</subfield>
  </datafield>
</record>
